000 00661nam a22001457a 4500
999 _c38452
_d38452
082 _aRP.0368
100 _aPathania, Anita
_uShanti Alya, Institute of Education and Training.
_vShimla
245 _aImpact of Mid-day Meal Scheme on Enrollment, Retention and Attendance in the State of Himachal Pradesh/
_cAnita Pathania.
260 _aSummer Hill, Shimla :
_bShanti Alya, Institute of Education and Training,
_c2017.
300 _aix,147p.
500 _aIncluded Graphs and Illustrations
536 _aIndian Council of Social Science Research (ICSSR)
650 _aMid-day Meal
_vSocial Welfare Scheme
_xEducation
_xSociology
_zHimachal Pradesh
942 _2ddc
_cRP